[Event "Titled Tue 24th Jun Late"]
[Site "chess.com INT"]
[Date "2025.06.24"]
[Round "1"]
[White "Xiong, Jeffery"]
[Black "Van Roon, Sjoerd"]
[Result "1-0"]
[WhiteTitle "GM"]
[BlackTitle "FM"]
[WhiteElo "2639"]
[BlackElo "2270"]
[WhiteFideId "2047640"]
[BlackFideId "1051075"]
[EventDate "2025.06.24"]

1. e4 c5 2. Nf3 Nc6 3. Bb5 g6 4. c3 Nf6 5. Qe2 Bg7 6. d4 d5 7. exd5 Nxd5 8. dxc5
O-O 9. O-O Nc7 10. Rd1 Qxd1+ 11. Qxd1 Nxb5 12. Be3 Rd8 13. Nbd2 Bg4 14. Qb3 a6
15. a4 Be6 16. Qc2 Nc7 17. Ng5 Bf5 18. Qb3 Nd5 19. Nc4 h6 20. Nb6 hxg5 21. Nxa8
Nxe3 22. fxe3 Be4 23. Rd1 Rxa8 24. Qxb7 Rb8 25. Qxb8+ Nxb8 26. Rd8+ Kh7 27. Rxb8
Bc6 28. Rc8 Bxa4 29. c6 Be5 30. c7 Bc2 31. Rh8+ Bxh8 32. c8=Q Bd3 33. Qd7 Bb5
34. Qxe7 Kg8 35. Qxg5 Bg7 36. Qd5 1-0

[Event "Titled Tue 24th Jun Late"]
[Site "chess.com INT"]
[Date "2025.06.24"]
[Round "1"]
[White "Volkov, Maksim"]
[Black "Fadi, Marko"]
[Result "1-0"]
[WhiteTitle "FM"]
[BlackTitle "FM"]
[WhiteElo "2333"]
[BlackElo "2298"]
[WhiteFideId "54123070"]
[BlackFideId "10605371"]
[EventDate "2025.06.24"]

1. e4 c5 2. Nf3 Nc6 3. d4 cxd4 4. Nxd4 g6 5. c4 Bg7 6. Be3 Nf6 7. Nc3 O-O 8. Be2
Nxd4 9. Bxd4 d6 10. O-O Bd7 11. f3 a5 12. Rb1 Bc6 13. Qd2 Nd7 14. Bf2 Nc5 15. b3
Qb6 16. a3 Qd8 17. b4 axb4 18. axb4 Na4 19. Nd1 b6 20. Rb3 Qd7 21. Ne3 Rfc8 22.
Rd1 Qe8 23. Rc1 b5 24. Ra3 bxc4 25. Nxc4 Bb5 26. Ra2 Qf8 27. Rac2 Bh6 28. f4 e5
29. Be3 Bxc4 30. Bxc4 Kh8 31. Rf1 exf4 32. Bxf4 Bxf4 33. Rxf4 Nb6 34. Rxf7 Qe8
35. Qd4+ Qe5 36. Qxb6 Ra1+ 37. Rf1 Rxf1+ 38. Kxf1 Qf4+ 39. Qf2 Qxe4 40. Qf6# 1-0

[Event "Titled Tue 24th Jun Late"]
[Site "chess.com INT"]
[Date "2025.06.24"]
[Round "1"]
[White "Vemparala, Nikash"]
[Black "Mikhalevski, Victor"]
[Result "0-1"]
[WhiteTitle "CM"]
[BlackTitle "GM"]
[WhiteElo "2187"]
[BlackElo "2492"]
[WhiteFideId "30960967"]
[BlackFideId "2801914"]
[EventDate "2025.06.24"]

1. c4 Nf6 2. Nc3 d5 3. cxd5 Nxd5 4. g3 e5 5. Bg2 Nb6 6. d3 Be7 7. Nf3 Nc6 8. O-O
O-O 9. Be3 Be6 10. d4 exd4 11. Nxd4 Nxd4 12. Qxd4 Qxd4 13. Bxd4 c6 14. Rfd1 f6
15. Ne4 Bd5 16. Nc3 Bxg2 17. Kxg2 Rfd8 18. Bxb6 axb6 19. Rxd8+ Rxd8 20. Rd1 Rxd1
21. Nxd1 b5 22. Kf3 Kf7 23. Ke4 Ke6 24. b3 f5+ 25. Kd3 g5 26. e4 Bc5 27. f3 h5
28. exf5+ Kxf5 29. Ne3+ Ke5 30. Ng2 Bg1 31. h4 gxh4 32. Nxh4 Bf2 33. Ng6+ Kf5
34. Ne7+ Ke6 35. Ng6 Bxg3 36. Ke4 Kf6 37. Nf4 Bxf4 38. Kxf4 c5 0-1

[Event "Titled Tue 24th Jun Late"]
[Site "chess.com INT"]
[Date "2025.06.24"]
[Round "1"]
[White "Patel, Maahir M"]
[Black "Borisek, Jure"]
[Result "1-0"]
[BlackTitle "GM"]
[WhiteElo "2106"]
[BlackElo "2558"]
[WhiteFideId "30995612"]
[BlackFideId "14603152"]
[EventDate "2025.06.24"]

1. d4 g6 2. e4 Bg7 3. Nf3 d6 4. Nc3 Nf6 5. Be3 O-O 6. Qd2 a6 7. a4 Nc6 8. h3 e5
9. d5 Ne7 10. Bh6 c6 11. Bxg7 Kxg7 12. dxc6 bxc6 13. O-O-O d5 14. Nxe5 Rb8 15.
Qd4 a5 16. Ng4 Bxg4 17. hxg4 Rb4 18. Qe5 Qb8 19. Qxe7 Re8 20. Qc5 Rxb2 21. g5
Nxe4 22. Nxe4 Rb1+ 23. Kd2 Rxd1+ 24. Kxd1 Rxe4 25. Qc3+ d4 26. Qh3 h5 27. gxh6+
Kh7 28. Qb3 Qe8 29. Bd3 Rf4 30. Re1 Qd7 31. f3 Kxh6 32. Qc4 Kg7 33. Re4 Rxe4 34.
Bxe4 Qd6 35. Qxc6 Qa3 36. Qc4 Qe3 37. Qd3 Qg1+ 38. Kd2 Qxg2+ 39. Kc1 Qg5+ 40.
Kb2 Qc5 41. Qb3 f5 42. Bd3 Qc6 43. Bb5 Qxf3 44. Qxf3 1-0

[Event "Titled Tue 24th Jun Late"]
[Site "chess.com INT"]
[Date "2025.06.24"]
[Round "1"]
[White "Smirnov, Alexandr A."]
[Black "Bustelo, Tabare"]
[Result "1-0"]
[WhiteTitle "FM"]
[BlackTitle "CM"]
[WhiteElo "2136"]
[BlackElo "2043"]
[WhiteFideId "24104396"]
[BlackFideId "3000362"]
[EventDate "2025.06.24"]

1. e4 c5 2. Nf3 Nc6 3. Nc3 e5 4. Bc4 Be7 5. O-O Nf6 6. Ng5 O-O 7. f4 exf4 8. d3
Ne5 9. Bxf4 Nxc4 10. dxc4 h6 11. Nf3 d6 12. Qd2 Be6 13. b3 a6 14. a4 b5 15. cxb5
axb5 16. axb5 c4 17. b4 Rxa1 18. Rxa1 Ng4 19. Nd4 Bf6 20. Nd5 Bxd5 21. exd5 Qb6
22. c3 Ne5 23. h3 Nd3 24. Be3 Re8 25. Nf5 Rxe3 26. Qxe3 Qxe3+ 27. Nxe3 Bxc3 28.
Ra8+ Kh7 29. b6 Bd4 30. b7 Bxe3+ 31. Kf1 c3 32. b8=Q c2 33. Ra1 Bd4 34. Qc7 Bxa1
35. Qxc2 1-0

[Event "Titled Tue 24th Jun Late"]
[Site "chess.com INT"]
[Date "2025.06.24"]
[Round "1"]
[White "Zhu, Linxi"]
[Black "Grutter, Tim"]
[Result "0-1"]
[WhiteTitle "FM"]
[BlackTitle "IM"]
[WhiteElo "2312"]
[BlackElo "2404"]
[WhiteFideId "39900428"]
[BlackFideId "1057472"]
[EventDate "2025.06.24"]

1. e4 c5 2. Nf3 g6 3. d4 cxd4 4. Nxd4 Nc6 5. c4 Nf6 6. Nc3 d6 7. Be3 Ng4 8. Bc1
Qb6 9. f3 Qxd4 10. fxg4 Qxd1+ 11. Nxd1 Bxg4 12. Ne3 Be6 13. Bd2 Bg7 14. Rb1 O-O
15. Be2 Nd4 16. Bd3 Rac8 17. Bc3 f5 18. exf5 Nxf5 19. Nxf5 Bxf5 20. Bxf5 Rxf5
21. Bxg7 Kxg7 22. b3 b5 23. cxb5 Rc2 24. Rf1 Re5+ 25. Kd1 Rxa2 26. Rc1 Rxb5 27.
Rf3 Rxg2 28. Rc7 Re5 29. Rxa7 Rxh2 30. b4 Rb2 31. Rf4 g5 32. Rc4 h5 33. Kc1 Ree2
34. Rxe7+ Rxe7 35. Kxb2 h4 36. b5 h3 37. Rg4 h2 38. Rxg5+ Kh6 39. Rg8 h1=Q 40.
Rh8+ Rh7 41. Rxh7+ Kxh7 0-1

[Event "Titled Tue 24th Jun Late"]
[Site "chess.com INT"]
[Date "2025.06.24"]
[Round "1"]
[White "Playa, Marcelo"]
[Black "Ponizil, Cyril"]
[Result "0-1"]
[WhiteTitle "IM"]
[BlackTitle "IM"]
[WhiteElo "2376"]
[BlackElo "2450"]
[WhiteFideId "102202"]
[BlackFideId "322202"]
[EventDate "2025.06.24"]

1. e4 c5 2. Nf3 d6 3. d4 cxd4 4. Nxd4 Nf6 5. Nc3 g6 6. Be3 Bg7 7. Bc4 Nc6 8. f3
O-O 9. Qd2 a6 10. O-O-O Nxd4 11. Bxd4 b5 12. Be2 Be6 13. Kb1 Qb8 14. Nd5 Bxd5
15. exd5 Qb7 16. Bxf6 Bxf6 17. h4 Rfc8 18. h5 b4 19. hxg6 hxg6 20. Rh3 Qc7 21.
Rdh1 Qc5 22. f4 a5 23. f5 g5 24. Rh5 Kf8 25. Rh8+ Bxh8 26. Rxh8+ Kg7 27. Rh1 f6
28. Bd3 Rh8 29. Re1 Ra7 30. Qe2 a4 31. Bc4 a3 32. Bb3 Qd4 33. c3 bxc3 34. bxc3
Qxc3 35. Rc1 Qe5 36. Qf2 Rb7 0-1

[Event "Titled Tue 24th Jun Late"]
[Site "chess.com INT"]
[Date "2025.06.24"]
[Round "1"]
[White "Pavlidou, Ekaterini"]
[Black "Tan, Zhongyi"]
[Result "0-1"]
[WhiteTitle "WIM"]
[BlackTitle "GM"]
[WhiteElo "2198"]
[BlackElo "2546"]
[WhiteFideId "4213262"]
[BlackFideId "8603642"]
[EventDate "2025.06.24"]

1. d4 d5 2. c4 e6 3. Nc3 Nf6 4. cxd5 exd5 5. Bg5 c6 6. e3 h6 7. Bh4 Be7 8. Bd3
O-O 9. Qc2 Nbd7 10. h3 Re8 11. Nf3 Ne4 12. Bxe4 Bxh4 13. Bh7+ Kh8 14. g3 Be7 15.
Bd3 Bd6 16. O-O-O a5 17. g4 Nb6 18. g5 hxg5 19. Rdg1 f6 20. h4 g4 21. Ng5 Kg8
22. Bg6 Re7 23. Nh7 Nc4 24. h5 Be6 25. h6 c5 26. dxc5 Be5 27. f4 Nxe3 28. Qh2
Bxc3 29. hxg7 Rxg7 30. bxc3 Rxg6 31. Nxf6+ Qxf6 32. Qh7+ Kf8 33. Qh8+ Qxh8 34.
Rxh8+ Bg8 0-1

[Event "Titled Tue 24th Jun Late"]
[Site "chess.com INT"]
[Date "2025.06.24"]
[Round "1"]
[White "Jahnz, Laurin"]
[Black "Gasparyan, Erik R."]
[Result "0-1"]
[WhiteTitle "CM"]
[BlackTitle "IM"]
[WhiteElo "2221"]
[BlackElo "2372"]
[WhiteFideId "16261089"]
[BlackFideId "13315730"]
[EventDate "2025.06.24"]

1. e4 c6 2. Nc3 d5 3. Nf3 dxe4 4. Nxe4 Nf6 5. Qe2 Nxe4 6. Qxe4 Qd5 7. Qh4 Qe6+
8. Be2 Qg4 9. Qg3 Qxg3 10. hxg3 h6 11. d4 Bf5 12. c3 Nd7 13. Bf4 e6 14. O-O-O
Be7 15. Ne5 Nxe5 16. Bxe5 O-O 17. g4 Bg6 18. Bd3 Bxd3 19. Rxd3 Rfd8 20. Kc2 Rd7
21. a4 Rad8 22. Rhd1 f6 23. Bg3 Kf7 24. f4 Rd5 25. b4 h5 26. gxh5 Rxh5 27. Kb3
Bd6 28. c4 Rf5 29. Rf3 g5 30. Rdf1 Rg8 31. c5 Bxf4 32. Bxf4 Rxf4 33. Rxf4 gxf4
34. Rxf4 Rxg2 35. b5 f5 36. Rh4 Rg4 37. Rh7+ Rg7 38. Rh8 Kf6 39. Kc4 f4 40. a5
cxb5+ 41. Kxb5 Rd7 42. Rf8+ Rf7 43. Rh8 f3 44. a6 bxa6+ 45. Kxa6 Kf5 46. c6 Ke4
47. Rh4+ Kd5 0-1

[Event "Titled Tue 24th Jun Late"]
[Site "chess.com INT"]
[Date "2025.06.24"]
[Round "1"]
[White "Da Silva Borges, Rodrigo"]
[Black "Novosel, Lovro"]
[Result "0-1"]
[BlackTitle "FM"]
[WhiteElo "2169"]
[BlackElo "2338"]
[WhiteFideId "2115778"]
[BlackFideId "14547120"]
[EventDate "2025.06.24"]

1. e4 g6 2. d4 c6 3. Nc3 d5 4. Nf3 Bg7 5. h3 dxe4 6. Nxe4 Nf6 7. Bd3 O-O 8. O-O
Nbd7 9. Re1 Nxe4 10. Bxe4 Nf6 11. Bd3 a5 12. c3 h6 13. a4 Nd5 14. Ne5 Qc7 15.
Qf3 Nf6 16. Bf4 Qb6 17. Re2 c5 18. Nc4 Qa7 19. Rxe7 cxd4 20. Be5 Nh5 21. Nd6 Be6
22. Bxg7 Nxg7 23. c4 Qc5 24. Qg3 Nh5 25. Qh4 Qxd6 26. Re1 Ng7 27. Qf6 Rae8 28.
Rxb7 Qc6 29. Rb5 Bd7 30. Rbe5 Qxf6 0-1

[Event "Titled Tue 24th Jun Late"]
[Site "chess.com INT"]
[Date "2025.06.24"]
[Round "1"]
[White "Bold, Andre"]
[Black "Janik, Igor"]
[Result "0-1"]
[WhiteTitle "CM"]
[BlackTitle "GM"]
[WhiteElo "2235"]
[BlackElo "2520"]
[WhiteFideId "16208471"]
[BlackFideId "1159259"]
[EventDate "2025.06.24"]

1. d4 Nf6 2. Nc3 d5 3. Bf4 e6 4. e3 Bb4 5. Bd3 c5 6. dxc5 Nbd7 7. Ne2 O-O 8. Bd6
Re8 9. a3 Bxc5 10. Bxc5 Nxc5 11. O-O e5 12. Bb5 Re7 13. Ng3 Be6 14. Nh5 Nfe4 15.
Nxe4 Nxe4 16. Ng3 Nf6 17. Be2 Qb6 18. Rb1 Rd8 19. c3 g6 20. Qc2 h5 21. Rfd1 h4
22. Nf1 h3 23. g3 Qc6 24. Rbc1 d4 25. f3 Red7 26. cxd4 Qxc2 27. Rxc2 Bb3 28.
Rcd2 Bxd1 29. Bxd1 exd4 30. e4 Rc7 31. g4 Rd6 32. Kf2 Nd7 33. Kg3 Ne5 34. Ne3
Rc1 35. Nd5 d3 36. Bb3 g5 37. f4 Rg1+ 38. Kf2 Rg2+ 39. Ke3 gxf4+ 40. Nxf4 Nxg4+
41. Kf3 Nxh2+ 42. Ke3 Nf1+ 0-1

[Event "Titled Tue 24th Jun Late"]
[Site "chess.com INT"]
[Date "2025.06.24"]
[Round "1"]
[White "Matinian, Nikita"]
[Black "Mayaud, Raphael"]
[Result "1-0"]
[WhiteTitle "GM"]
[BlackTitle "CM"]
[WhiteElo "2421"]
[BlackElo "2126"]
[WhiteFideId "24129100"]
[BlackFideId "627151"]
[EventDate "2025.06.24"]

1. e4 d5 2. exd5 Qxd5 3. d4 e5 4. Nf3 exd4 5. Qxd4 Nf6 6. Qxd5 Nxd5 7. Bc4 Nb6
8. Bb3 Be7 9. O-O O-O 10. Re1 Bf6 11. Nc3 Bg4 12. Ng5 Nc6 13. Nce4 Be7 14. Bf4
h6 15. Nxf7 Rxf7 16. Bxc7 Nd4 17. Bxf7+ Kxf7 18. f3 Bf5 19. Nd6+ Bxd6 20. Bxd6
Re8 21. Rxe8 Kxe8 22. Re1+ Kd7 23. Bc5 Ne6 24. Bxb6 axb6 25. Re2 Kd6 26. g4 Bg6
27. Kf2 b5 28. Ke3 Ke5 29. Rd2 Be8 30. c3 Bc6 31. h4 g5 32. h5 Bd5 33. b3 Nf4
34. Rc2 Bc6 35. c4 b4 36. a3 bxa3 37. Ra2 Ne6 38. Rxa3 Nf4 39. Ra5+ Kd6 40. Rf5
Ng2+ 41. Kf2 Nh4 42. Rf6+ Ke5 43. Rxh6 Nxf3 44. Rxc6 bxc6 45. Kxf3 c5 46. h6 Kf6
47. Ke4 Kg6 48. Kd5 1-0

[Event "Titled Tue 24th Jun Late"]
[Site "chess.com INT"]
[Date "2025.06.24"]
[Round "1"]
[White "Guha, Eshan"]
[Black "Povshednyi, Ivan"]
[Result "0-1"]
[BlackTitle "FM"]
[WhiteElo "2071"]
[BlackElo "2309"]
[WhiteFideId "30958628"]
[BlackFideId "14190907"]
[EventDate "2025.06.24"]

1. Nf3 d5 2. e3 Nf6 3. c4 e6 4. Nc3 Bd6 5. b3 O-O 6. Bb2 Re8 7. Qc2 c5 8. d4 Nc6
9. dxc5 Bxc5 10. cxd5 exd5 11. Be2 d4 12. exd4 Nxd4 13. Nxd4 Bxd4 14. O-O Qa5
15. Rad1 Bf5 16. Bd3 Bxd3 17. Rxd3 Qf5 18. Qd2 Be5 19. Rf3 Qh5 20. Rh3 Qg6 21.
f4 Rad8 22. Qc1 Bd4+ 23. Kh1 Ng4 24. f5 Qc6 25. Rg3 Nf2+ 26. Rxf2 Bxf2 27. Rxg7+
Kf8 28. Ba3+ Kxg7 29. Qg5+ Kh8 30. Ne4 Rd1# 0-1

[Event "Titled Tue 24th Jun Late"]
[Site "chess.com INT"]
[Date "2025.06.24"]
[Round "1"]
[White "Schuster, Karsten"]
[Black "Atoyan, Alberto"]
[Result "1/2-1/2"]
[WhiteTitle "FM"]
[BlackTitle "CM"]
[WhiteElo "2266"]
[BlackElo "2266"]
[WhiteFideId "4611071"]
[BlackFideId "13314831"]
[EventDate "2025.06.24"]

1. d4 Nf6 2. c4 c5 3. d5 b5 4. Nf3 bxc4 5. Nc3 g6 6. e4 d6 7. Bxc4 Bg7 8. Qe2
O-O 9. O-O a5 10. Bg5 Ba6 11. Nd2 Bxc4 12. Nxc4 Nbd7 13. f4 h6 14. Bh4 Ne8 15.
e5 g5 16. fxg5 hxg5 17. Bxg5 Nxe5 18. Nxe5 dxe5 19. Rad1 f5 20. Qh5 Nd6 21. Bh6
Bxh6 22. Qxh6 Rf6 23. Qg5+ Kf8 24. Rf3 Ke8 25. Rh3 Kd7 26. Rh7 Qf8 27. Na4 Ne4
28. Qe3 Rc8 29. Nb6+ Rxb6 30. b3 Qg8 31. Rh5 Rg6 32. Qe2 Rg5 33. Qb5+ Kd8 34.
Qb6+ Ke8 35. Qb5+ Kf8 36. Qe2 Nc3 37. Qa6 Rxg2+ 38. Kh1 Rd8 39. Rxf5+ Ke8 40.
Qc6+ Rd7 41. Qc8+ Rd8 42. Qc6+ Rd7 43. Qc8+ Rd8 44. Qc6+ 1/2-1/2

[Event "Titled Tue 24th Jun Late"]
[Site "chess.com INT"]
[Date "2025.06.24"]
[Round "1"]
[White "Venskaya, Nika"]
[Black "Barseghyan, Armen Ar."]
[Result "1-0"]
[WhiteTitle "WCM"]
[BlackTitle "IM"]
[WhiteElo "1926"]
[BlackElo "2348"]
[WhiteFideId "13523503"]
[BlackFideId "13306707"]
[EventDate "2025.06.24"]

1. d4 Nf6 2. Nf3 e6 3. g3 c5 4. Bg2 Be7 5. O-O O-O 6. c4 d5 7. cxd5 exd5 8. Nc3
Nc6 9. Bf4 cxd4 10. Nxd4 Be6 11. Rc1 Rc8 12. Qd2 Qd7 13. Rfd1 a6 14. Nxc6 bxc6
15. Be5 Rfd8 16. Na4 c5 17. Nb6 Qb5 18. Nxc8 Rxc8 19. Bxf6 Bxf6 20. Bxd5 Bxd5
21. Qxd5 Qxb2 22. Rxc5 Re8 23. Qc4 g6 24. e3 Kg7 25. Rc7 Re7 26. Rdd7 Qa1+ 27.
Kg2 Qe5 28. Rxe7 Bxe7 29. Qd4 Qxd4 30. exd4 Bb4 31. Rc6 a5 32. Kf3 f5 33. Kf4 h6
34. Ke5 Be1 35. f3 Bf2 36. d5 Bg1 37. Rc7+ Kg8 38. Kf6 Bxh2 39. d6 Bxg3 40. Rc8+
Kh7 41. d7 Bh4+ 42. Ke6 h5 43. d8=Q Bxd8 44. Rxd8 h4 45. Rd1 Kh6 46. Kf6 Kh5 47.
Rh1 a4 48. a3 f4 49. Rh3 g5 50. Kf5 Kh6 51. Kg4 Kg6 52. Rh1 Kf6 53. Rb1 Ke5 54.
Rb4 Kd5 55. Rxa4 1-0

[Event "Titled Tue 24th Jun Late"]
[Site "chess.com INT"]
[Date "2025.06.24"]
[Round "1"]
[White "Bouska, Jiri"]
[Black "Zepeda Berlanga, Jan Enrique"]
[Result "0-1"]
[WhiteTitle "FM"]
[BlackTitle "CM"]
[WhiteElo "2318"]
[BlackElo "1984"]
[WhiteFideId "23722223"]
[BlackFideId "5132355"]
[EventDate "2025.06.24"]

1. e4 e5 2. Nf3 Nc6 3. Nc3 Bc5 4. Nxe5 Nxe5 5. d4 Ne7 6. dxc5 O-O 7. Be2 b6 8.
Be3 Bb7 9. O-O Kh8 10. f4 N5g6 11. Kh1 f5 12. Bd3 Qe8 13. Qh5 Qf7 14. Rae1 Rae8
15. cxb6 axb6 16. b3 Qf6 17. e5 Qc6 18. Qf3 Qxf3 19. gxf3 Nd5 20. Nxd5 Bxd5 21.
a4 Nh4 22. Be2 d6 23. Bd4 Ng6 24. Bb5 c6 25. Bd3 Nxf4 26. exd6 Bxf3+ 27. Kg1
Nh3# 0-1

[Event "Titled Tue 24th Jun Late"]
[Site "chess.com INT"]
[Date "2025.06.24"]
[Round "1"]
[White "Reshetnikov, Alexey"]
[Black "Radionov, Timur"]
[Result "1-0"]
[WhiteTitle "IM"]
[BlackTitle "FM"]
[WhiteElo "2492"]
[BlackElo "2200"]
[WhiteFideId "4162080"]
[BlackFideId "34178772"]
[EventDate "2025.06.24"]

1. d4 d5 2. c4 e6 3. Nc3 c6 4. Nf3 dxc4 5. e4 b5 6. Qc2 Nf6 7. Be2 Bb7 8. O-O
Be7 9. Rb1 O-O 10. b3 cxb3 11. Rxb3 a6 12. e5 Nd5 13. Nxd5 cxd5 14. Qd2 b4 15.
Bd3 a5 16. Bb1 Ba6 17. Re1 Nd7 18. h4 Rc8 19. Ng5 g6 20. Rh3 Rc3 21. Nxh7 Rxh3
22. gxh3 Kxh7 23. Qh6+ Kg8 24. Bxg6 fxg6 25. Qxg6+ Kh8 26. Qh6+ Kg8 27. Qg6+ Kh8
28. Qh6+ Kg8 29. Kh1 Bd3 30. Rg1+ Kf7 31. Qh5+ 1-0

[Event "Titled Tue 24th Jun Late"]
[Site "chess.com INT"]
[Date "2025.06.24"]
[Round "1"]
[White "Gimeno Martos, Roberto"]
[Black "Graif, William"]
[Result "0-1"]
[WhiteTitle "CM"]
[BlackTitle "FM"]
[WhiteElo "2090"]
[BlackElo "2211"]
[WhiteFideId "2226804"]
[BlackFideId "2609835"]
[EventDate "2025.06.24"]

1. d4 Nf6 2. Nf3 e6 3. e3 b6 4. Bd3 Bb7 5. O-O d5 6. Nbd2 Nbd7 7. c3 Ne4 8. Ne5
Nxe5 9. dxe5 Nc5 10. Be2 f6 11. exf6 Qxf6 12. Nf3 Bd6 13. a4 e5 14. h3 O-O 15.
a5 e4 16. Nh2 h5 17. axb6 Qe5 18. g3 cxb6 19. Bxh5 Nd3 20. Qe2 Kh8 21. Bd2 Rf6
22. Ng4 Qxh5 23. Kg2 Raf8 24. Rxa7 Bc8 25. Ra8 Nxf2 26. Rxf2 Rxf2+ 27. Qxf2
Rxf2+ 28. Nxf2 Qf3+ 29. Kf1 Bxg3 30. Rxc8+ Kh7 31. Be1 Bxf2 32. Bxf2 Qxh3+ 33.
Ke2 Qxc8 0-1

[Event "Titled Tue 24th Jun Late"]
[Site "chess.com INT"]
[Date "2025.06.24"]
[Round "1"]
[White "Anakok, Deniz"]
[Black "Goryachkina, Aleksandra"]
[Result "1-0"]
[WhiteTitle "CM"]
[BlackTitle "GM"]
[WhiteElo "2058"]
[BlackElo "2533"]
[WhiteFideId "51603586"]
[BlackFideId "4147103"]
[EventDate "2025.06.24"]

1. e4 c5 2. Nf3 d6 3. Bb5+ Nd7 4. O-O a6 5. Be2 Ngf6 6. d3 g6 7. c3 Bg7 8. Nbd2
O-O 9. d4 Qc7 10. Re1 b6 11. Bd3 Bb7 12. h3 e5 13. d5 b5 14. b3 h6 15. c4 b4 16.
Nf1 Nh5 17. Be3 Kh8 18. Qd2 Kh7 19. Ng3 Nf4 20. Bf1 Rae8 21. Rad1 g5 22. Nf5 Bc8
23. g3 Ng6 24. h4 g4 25. Bxh6 Bf6 26. Ng5+ Kg8 27. h5 Ne7 28. Bxf8 Nxf8 29. Nh6+
Kg7 30. Nhxf7 Bxg5 31. Nxg5 Ng8 32. Be2 Nh6 33. Rf1 Nh7 34. Nxh7 Kxh7 35. f4
gxf3 36. Rxf3 Rg8 37. Rf6 1-0

[Event "Titled Tue 24th Jun Late"]
[Site "chess.com INT"]
[Date "2025.06.24"]
[Round "1"]
[White "Rozman, Levy"]
[Black "Grahn, Vidar"]
[Result "1/2-1/2"]
[WhiteTitle "IM"]
[BlackTitle "FM"]
[WhiteElo "2324"]
[BlackElo "2239"]
[WhiteFideId "2039877"]
[BlackFideId "1744780"]
[EventDate "2025.06.24"]

1. d4 d5 2. Bg5 f6 3. Bd2 Nc6 4. e3 e5 5. Nf3 e4 6. Ng1 f5 7. c4 Nf6 8. Nc3 Be6
9. cxd5 Nxd5 10. a3 Be7 11. Rc1 O-O 12. Bc4 Qd7 13. Nge2 Kh8 14. Bxd5 Bxd5 15.
Nxd5 Qxd5 16. Nf4 Qb5 17. Ne6 Rfc8 18. b4 Qd5 19. Nf4 Qa2 20. b5 Nd8 21. a4 Qf7
22. O-O c6 23. Qe2 cxb5 24. Qxb5 a6 25. Qb6 Qf6 26. Qb3 Bd6 27. Ne2 Nc6 28. g3
Ne7 29. Qxb7 Rcb8 30. Qd7 Rd8 31. Qb7 Rdb8 32. Qd7 Rd8 33. Qb7 Rdb8 1/2-1/2

[Event "Titled Tue 24th Jun Late"]
[Site "chess.com INT"]
[Date "2025.06.24"]
[Round "1"]
[White "Sarasketa Irastortza, Oier"]
[Black "Stamatiou, Rodolfos"]
[Result "0-1"]
[WhiteTitle "CM"]
[BlackTitle "FM"]
[WhiteElo "2190"]
[BlackElo "2269"]
[WhiteFideId "54728207"]
[BlackFideId "25826530"]
[EventDate "2025.06.24"]

1. d4 Nf6 2. c4 g6 3. g3 Bg7 4. Bg2 O-O 5. Nc3 d6 6. Nf3 c5 7. O-O Bg4 8. dxc5
dxc5 9. Be3 Nbd7 10. Rc1 Qb6 11. b3 Rfd8 12. h3 Ne5 13. Nd2 Bd7 14. f4 Nc6 15.
Na4 Qa5 16. Nxc5 Bc8 17. Nd3 Bf5 18. Ne5 Nxe5 19. fxe5 Qxe5 20. Bf4 Qc5+ 21. Kh2
e5 22. Bg5 h6 23. Bxf6 Bxf6 24. g4 Bg5 25. gxf5 Bxd2 26. Qc2 Bxc1 27. Qxc1 g5
28. f6 Rd4 29. e4 Rad8 30. h4 Rd2 31. hxg5 Qe3 32. g6 Rxg2+ 33. Kxg2 Rd2+ 34.
Kh1 Qh3+ 35. Kg1 Qh2# 0-1

[Event "Titled Tue 24th Jun Late"]
[Site "chess.com INT"]
[Date "2025.06.24"]
[Round "1"]
[White "Alfonso Durban, Xavier"]
[Black "Shearsby, Jude"]
[Result "0-1"]
[WhiteTitle "CM"]
[BlackTitle "CM"]
[WhiteElo "2189"]
[BlackElo "2160"]
[WhiteFideId "2271532"]
[BlackFideId "462527"]
[EventDate "2025.06.24"]

1. d4 Nc6 2. Nf3 d6 3. e4 Nf6 4. Nc3 Bg4 5. Be2 e5 6. d5 Ne7 7. Nd2 Bd7 8. a4
Ng6 9. Nc4 Be7 10. O-O O-O 11. a5 c6 12. Re1 cxd5 13. exd5 Rc8 14. Be3 a6 15.
Na4 Bb5 16. Nab6 Rb8 17. Bf1 Nd7 18. Nxd7 Qxd7 19. Nb6 Qe8 20. c4 Bd7 21. b4 f5
22. f3 Bh4 23. Re2 f4 24. Bf2 Bf5 25. c5 Bxf2+ 26. Rxf2 dxc5 27. bxc5 e4 28. d6
exf3 29. Qxf3 Be4 30. Qb3+ Kh8 31. Re1 Qc6 32. Nd7 Qxd7 33. Rxe4 Rbc8 34. Rc2
Qc6 35. Bd3 f3 36. gxf3 Rxf3 37. Qc4 Rcf8 38. Rce2 Nh4 39. Re1 Rf2 40. Qd4 Nf3+ 0-1

[Event "Titled Tue 24th Jun Late"]
[Site "chess.com INT"]
[Date "2025.06.24"]
[Round "1"]
[White "Tari, Aryan"]
[Black "Chakrabarti, Brejesh"]
[Result "1-0"]
[WhiteTitle "GM"]
[BlackTitle "FM"]
[WhiteElo "2636"]
[BlackElo "2282"]
[WhiteFideId "1510045"]
[BlackFideId "30969280"]
[EventDate "2025.06.24"]

1. e4 c5 2. Nc3 Nc6 3. f4 g6 4. Nf3 Bg7 5. a4 e6 6. e5 d6 7. Bb5 Ne7 8. Ne4 dxe5
9. fxe5 O-O 10. Nf6+ Kh8 11. d4 Nxd4 12. Nxd4 cxd4 13. O-O Nd5 14. Qf3 Bxf6 15.
exf6 e5 16. Bh6 Be6 17. Rae1 Qb6 18. Bxf8 Rxf8 19. Rxe5 d3+ 20. Qf2 dxc2 21.
Qxb6 axb6 22. Rc1 Rc8 23. Bd7 Bxd7 24. Rxd5 Bxa4 25. Kf2 h6 26. g4 g5 27. h4
gxh4 28. g5 Kh7 29. Rd4 b5 30. Rxh4 Kg6 31. gxh6 Kxf6 32. Rh3 b4 33. h7 Kg7 34.
b3 Bb5 35. Ke1 Kh8 36. Kd2 Bd7 37. Rf3 Bg4 38. Rxf7 Bd1 39. Rxb7 Rd8+ 40. Ke3
Re8+ 41. Kd4 Rd8+ 42. Kc5 Rd3 43. Kxb4 Re3 44. Rc7 1-0